[Event "Managua Ramirez de Arellano Memorial"]
[Site "Managua"]
[Date "2016.07.17"]
[Round "3"]
[White "Hernandez Lopez, Alvaro"]
[Black "Loaisiga, Jose Manuel"]
[Result "1-0"]
[WhiteElo "1817"]
[BlackElo "1405"]
[PlyCount "113"]
[EventDate "2016.07.16"]
[EventType "swiss"]
[EventRounds "9"]
[EventCountry "NCA"]
[SourceTitle "EXT 2018"]
[Source "ChessBase"]
[SourceDate "2017.10.13"]
[SourceVersion "1"]
[SourceVersionDate "2017.10.13"]
[SourceQuality "1"]

1. d4 Nf6 2. c4 d5 3. Nc3 e6 4. Bg5 Be7 5. e3 0-0 6. Nf3 Nbd7 7. Bd3 c5 8. 0-0 b6 9. cxd5 Nxd5 10. Bxe7 Qxe7 11. Bc4 Bb7 12. Qb3 Rab8 13. Nxd5 exd5 14. Bxd5 Nf6 15. Bxb7 Rxb7 16. dxc5 Qxc5 17. Rac1 Qd5 18. Qxd5 Nxd5 19. Rfd1 Nb4 20. a3 Na6 21. b4 Rc7 22. Kf1 Rfc8 23. Rxc7 Nxc7 24. Rc1 Kf8 25. Nd4 Ke7 26. Nb5 Kd7 27. Rxc7+ Rxc7 28. Nxc7 Kxc7 29. Ke2 Kc6 30. a4 a5 31. bxa5 bxa5 32. Kd3 Kc5 33. Kc3 Kd5 34. f3 f5 35. g3 g6 36. h3 h6 37. h4 h5 38. Kd3 Kc5 39. e4 fxe4+ 40. fxe4 Kd6 41. Kd4 Ke6 42. Ke3 Ke5 43. Kf3 Kf6 44. Kf4 Ke6 45. Kg5 Kf7 46. e5 Ke6 47. Kxg6 Kxe5 48. Kxh5 Kf5 49. g4+ Kf6 50. Kh6 Kf7 51. Kh7 Kf8 52. g5 Kf7 53. g6+ Ke6 54. g7 Kd5 55. g8Q+ Kd4 56. Qe6 Kc3 57. Qe4 1-0

[Event "Managua Ramirez de Arellano Memorial"]
[Site "Managua"]
[Date "2016.07.16"]
[Round "1"]
[White "Picado, Jorge Luis"]
[Black "Loaisiga, Jose Manuel"]
[Result "1-0"]
[WhiteElo "2116"]
[BlackElo "1405"]
[PlyCount "89"]
[EventDate "2016.07.16"]
[EventType "swiss"]
[EventRounds "9"]
[EventCountry "NCA"]
[SourceTitle "EXT 2018"]
[Source "ChessBase"]
[SourceDate "2017.10.13"]
[SourceVersion "1"]
[SourceVersionDate "2017.10.13"]
[SourceQuality "1"]

1. e4 c5 2. Nf3 Nc6 3. Bb5 g6 4. 0-0 Bg7 5. c3 a6 6. Ba4 b5 7. Bc2 d6 8. h3 Nf6 9. a4 Bb7 10. Re1 0-0 11. Qe2 Re8 12. axb5 axb5 13. Rxa8 Bxa8 14. Qxb5 Qc7 15. Na3 Na7 16. Qe2 e6 17. d4 d5 18. exd5 Bxd5 19. dxc5 Qxc5 20. Be3 Qc7 21. c4 Bb7 22. Bxa7 Ba6 23. Bd4 Qb7 24. Ba4 Rd8 25. Bb5 Nd7 26. Bxg7 Kxg7 27. Rd1 Qc8 28. Bxa6 Qxa6 29. Ne5 Qb7 30. Rxd7 Rxd7 31. Nxd7 Qxd7 32. b4 Qa4 33. Qb2+ f6 34. c5 e5 35. b5 Qd1+ 36. Kh2 Qd4 37. Qxd4 exd4 38. b6 d3 39. Nc4 Kf7 40. b7 Ke6 41. b8Q Kd5 42. Qb4 f5 43. Ne3+ Kc6 44. Qb6+ Kd7 45. Nd5 1-0